Loading…

Abriendo las puertas del aula

"Abriendo las puertas del aula" reúne la investigación académica chilena y extranjera más relevante sobre lo que ocurre al interior de las salas de clases, e identifica logros y falencias en la enseñanza de dominios cognitivos tradicionales en dimensiones sociales y afectivas. Los editores...

Full description

Bibliographic Details
Main Author: García, M,Manzi, J. (Author)
Format: Unknown
Language:Indeterminado
Published: Chile Chile 2016-11-21 00:00:00
Subjects:
Online Access:Texto completo

MARC

LEADER 00000 a2200000 4500
001 ALPHAC_52293
003 XX-XxUND
008 s2016 xx |||||||||||| ||||und d
020 |a 9789561420175 
035 |a 9789561420175 
100 1 |a García, M,Manzi, J.  |e author 
245 1 |a Abriendo las puertas del aula 
260 |a Chile  |b Chile  |c 2016-11-21 00:00:00 
520 |a "Abriendo las puertas del aula" reúne la investigación académica chilena y extranjera más relevante sobre lo que ocurre al interior de las salas de clases, e identifica logros y falencias en la enseñanza de dominios cognitivos tradicionales en dimensiones sociales y afectivas. Los editores presentan acá aportes y reflexiones que buscan potenciar la formación docente y el desarrollo profesional. Adicionalmente se revisan experiencias de comunidades de aprendizaje profesional, en las que docentes reflexionan regularmente a partir de la observación sistemática de lo que ocurre en el aula. 
650 4 |a Aula 
754 1 |a category  |c Ciencias de la Educación 
856 4 |u https://alphaeditorialcloud.uam.elogim.com/reader/abriendo-las-puertas-del-aula  |z Texto completo